000 01701nam a2200217Ia 4500
999 _c53821
_d53821
001 20872
003 GE_BSU
005 20210527164719.0
008 181216s2011||||ge |||||||||||||| ||geo||
040 _cGE_BSU
041 _ageo
080 _a347.918 ს-12
245 _aსაარბიტრაჟო სამართალი :
_bწინამდებარე კრებულში მოცემულია საქართველოს კანონები, კანონქვემდებარე ნორმატიული აქტები და საერთაშორისო სამართლებრივი აქტები, რომლებიც არეგულირებენ საარბიტრაჟო სამართლის საკითხებს.
264 _aთბილისი :
_b[ბონა კაუზა],
_c2011.
300 _a163 გვ. ;
_c20 სმ.
490 _aიურისტის ბიბლიოთეკა
500 _aწიგნი განკუთვნილია ადვოკატებისათვის,არბიტრთათვის,საერთაშორისო კერძო სამართლის სპეციალისტებისათვის,იურიდიული ფაკულტეტის სტუდენტებისათვის,არბიტრაჟის საკითხებით დაინტერესებული მკითხველთა ფართო წრისათვის
541 _h8ლ.50თ.
653 _aსამართალი
942 _cBK
_2udc